[Event "Chess.com SIG Bullet Wild"]
[Site "chess.com INT"]
[Date "2021.04.05"]
[Round "1.11"]
[White "Nihal, Sarin"]
[Black "Bortnyk, Olexandr"]
[Result "0-1"]
[WhiteTitle "GM"]
[BlackTitle "GM"]
[WhiteElo "2620"]
[BlackElo "2598"]
[WhiteFideId "25092340"]
[BlackFideId "14120828"]
[EventDate "2021.04.05"]

1. d4 Nf6 2. Nf3 g6 3. Nc3 Bg7 4. e4 O-O 5. Bf4 d6 6. Qd2 c5 7. dxc5 dxc5 8.
O-O-O Qxd2+ 9. Rxd2 Nc6 10. h3 Nd4 11. Be3 Nxf3 12. gxf3 Nd7 13. Nd5 Bf6 14.
Nxf6+ exf6 15. Bb5 Ne5 16. Bxc5 Nxf3 17. Rdd1 Be6 18. Bxf8 Kxf8 19. Be2 Nh4 20.
f4 a6 21. b3 Kg7 22. Rhg1 Rc8 23. f5 Nxf5 24. exf5 Bxf5 25. Bd3 Bxh3 26. Kb2 Be6
27. Rge1 h5 28. a4 h4 29. Be4 b5 30. a5 h3 31. Rd6 f5 32. Bb7 Rc7 33. Bxa6 g5
34. Bxb5 g4 35. a6 g3 36. Rc6 Ra7 37. Bf1 f4 38. Rcxe6 fxe6 39. Bxh3 Rxa6 40.
Re4 e5 41. Rxe5 Rf6 42. Bg2 Kh6 43. Bf3 Rg6 44. Re2 Kg5 45. c4 Rd6 46. Kc3 Rd1
47. c5 Rf1 48. Re5+ Kf6 49. Rd5 Rxf3+ 50. Kc4 g2 51. Rd6+ Ke5 52. Rg6 Rg3 53.
Rd6 g1=Q 54. Rd5+ Ke4 55. Rd8 Rc3+ 56. Kb4 Qxc5+ 57. Ka4 Qa7+ 58. Kb5 Qb7+ 59.
Ka4 Qa6+ 60. Kb4 Qb6+ 61. Kxc3 Qxd8 62. Kb2 Qd4+ 63. Ka2 Kd5 64. Ka3 Qc3 65. Ka4
Kc5 66. b4+ Qxb4# 0-1

[Event "Chess.com SIG Bullet Wild"]
[Site "chess.com INT"]
[Date "2021.04.05"]
[Round "1.12"]
[White "Bortnyk, Olexandr"]
[Black "Nihal, Sarin"]
[Result "0-1"]
[WhiteTitle "GM"]
[BlackTitle "GM"]
[WhiteElo "2598"]
[BlackElo "2620"]
[WhiteFideId "14120828"]
[BlackFideId "25092340"]
[EventDate "2021.04.05"]

1. d4 Nf6 2. Nc3 d5 3. Bf4 c5 4. e3 cxd4 5. exd4 Bg4 6. f3 Bd7 7. g4 e6 8. h4
Nc6 9. Nge2 Qb6 10. Rb1 Rc8 11. a3 Be7 12. h5 h6 13. Qd2 Na5 14. Nc1 Bd6 15.
Bxd6 Qxd6 16. Kf2 O-O 17. g5 hxg5 18. Qxg5 Nh7 19. Qg2 Qf4 20. N1e2 Qf6 21. h6
g6 22. Qg3 Nc4 23. Qf4 b5 24. Qxf6 Nxf6 25. Nf4 a5 26. Nd3 Rfd8 27. Nc5 Be8 28.
Bxc4 bxc4 29. Nb7 Rd7 30. Nxa5 Ra7 31. h7+ Kh8 32. Ne2 Rxa5 33. c3 Rb5 34. Ke3
Rcb8 35. Ng3 Rxb2 36. Rbc1 Ra2 37. Kf4 Nxh7 38. Ke5 Kg7 39. Rcg1 Nf6 40. Rh4 Rf2
41. Rgh1 Rbb2 42. Kd6 Rxf3 43. R4h3 Rg2 44. Nh5+ Nxh5 45. Rxf3 Nf6 46. Rfh3 Rg5
47. Ke7 Rh5 48. a4 Bxa4 49. Rxh5 Nxh5 50. Rf1 Bc2 51. Rxf7+ Kh6 52. Rf8 Bf5 53.
Kd6 Kg5 54. Ke5 Ng3 55. Rg8 Ne4 0-1

[Event "Chess.com SIG Bullet Wild"]
[Site "chess.com INT"]
[Date "2021.04.05"]
[Round "1.13"]
[White "Nihal, Sarin"]
[Black "Bortnyk, Olexandr"]
[Result "1-0"]
[WhiteTitle "GM"]
[BlackTitle "GM"]
[WhiteElo "2620"]
[BlackElo "2598"]
[WhiteFideId "25092340"]
[BlackFideId "14120828"]
[EventDate "2021.04.05"]

1. d4 Nf6 2. Nf3 d6 3. Bf4 g6 4. Nc3 Bg7 5. e4 O-O 6. Qd2 c5 7. dxc5 dxc5 8.
O-O-O Qxd2+ 9. Rxd2 Nc6 10. h3 Nd4 11. Be3 Nxf3 12. gxf3 b6 13. Bc4 Bb7 14. Rhd1
e6 15. Nb5 a6 16. Nd6 Bc6 17. Be2 h5 18. Nc4 Rab8 19. Ne5 Bb5 20. c4 Be8 21. Bf4
Rb7 22. Rd8 Ba4 23. b3 Be8 24. Ra8 a5 25. Rdd8 b5 26. cxb5 g5 27. Bxg5 Nh7 28.
Bf4 Bxb5 29. Rxf8+ Bxf8 30. Bxb5 Rxb5 31. Nd7 f6 32. Nxf8 Nxf8 33. Bd6 c4 34.
Rxf8+ Kg7 35. bxc4 Rb6 36. Rd8 Rb4 37. Bc5 1-0

[Event "Chess.com SIG Bullet Wild"]
[Site "chess.com INT"]
[Date "2021.04.05"]
[Round "1.14"]
[White "Bortnyk, Olexandr"]
[Black "Nihal, Sarin"]
[Result "1-0"]
[WhiteTitle "GM"]
[BlackTitle "GM"]
[WhiteElo "2598"]
[BlackElo "2620"]
[WhiteFideId "14120828"]
[BlackFideId "25092340"]
[EventDate "2021.04.05"]

1. d4 Nf6 2. Nc3 d5 3. Bf4 c5 4. e3 cxd4 5. Nb5 Qa5+ 6. b4 Qxb4+ 7. c3 dxc3 8.
Nc7+ Kd8 9. Nxa8 c2+ 10. Qd2 Qb1+ 11. Qc1 Qb4+ 12. Ke2 Qc3 13. f3 Nc6 14. Kf2 e5
15. Ne2 Qc5 16. Bg5 Nb4 17. Qd2 Be7 18. a3 Nc6 19. Rc1 Bf5 20. Bxf6 gxf6 21. h4
Rg8 22. g4 Bxg4 23. fxg4 Rxg4 24. Rxc2 Qxa3 25. Qxd5+ Qd6 26. Qxd6+ Bxd6 27. Bg2
Ke7 28. Bxc6 bxc6 29. Rxc6 Ra4 30. Nc7 Kd7 31. Rc2 Bxc7 32. Rd1+ Bd6 33. Rcd2
Ra6 34. Ng3 Ke6 35. Ne4 Be7 36. Nc3 f5 37. Nd5 Rc6 38. Nxe7 Kxe7 39. Rd7+ Kf6
40. R7d6+ Rxd6 41. Rxd6+ Kg7 42. Ra6 f6 43. Rxa7+ Kg6 44. e4 Kh5 45. Ke3 f4+ 46.
Kf3 Kg6 47. Re7 h5 48. Re8 Kf7 49. Rh8 Kg6 50. Rb8 Kg7 51. Rb7+ Kg6 52. Ra7 f5
53. Ra6+ Kf7 54. exf5 e4+ 55. Kxe4 f3 56. Kf4 Kf8 57. Ra7 1-0

[Event "Chess.com SIG Bullet Wild"]
[Site "chess.com INT"]
[Date "2021.04.05"]
[Round "1.15"]
[White "Nihal, Sarin"]
[Black "Bortnyk, Olexandr"]
[Result "0-1"]
[WhiteTitle "GM"]
[BlackTitle "GM"]
[WhiteElo "2620"]
[BlackElo "2598"]
[WhiteFideId "25092340"]
[BlackFideId "14120828"]
[EventDate "2021.04.05"]

1. d4 Nf6 2. Nf3 d6 3. c4 g6 4. Nc3 Bg7 5. g3 O-O 6. Bg2 c5 7. O-O cxd4 8. Nxd4
a6 9. b3 Qa5 10. Bb2 Qh5 11. Rc1 Nc6 12. Nxc6 bxc6 13. h4 Bd7 14. e3 Ng4 15. Na4
g5 16. Bxg7 gxh4 17. Qf3 Kxg7 18. Nb6 Rad8 19. gxh4 Be6 20. Qg3 Kh8 21. Kh1 Rg8
22. Rce1 Nxe3 23. Rxe3 Rxg3 24. fxg3 Qc5 25. Rxe6 fxe6 26. Na4 Qe3 27. Rf3 Qd2
28. Kh2 e5 29. Nc3 d5 30. cxd5 cxd5 31. Na4 e4 32. Rf1 e3 33. Nc5 e2 34. Rf2
e1=Q 35. Rxd2 Qxd2 36. Ne6 Rd6 37. Ng5 Rf6 38. Kh3 h6 39. Nf3 Rxf3 40. Bxf3 d4
41. Be4 Qe3 0-1

[Event "Chess.com SIG Bullet Wild"]
[Site "chess.com INT"]
[Date "2021.04.05"]
[Round "1.16"]
[White "Bortnyk, Olexandr"]
[Black "Nihal, Sarin"]
[Result "1-0"]
[WhiteTitle "GM"]
[BlackTitle "GM"]
[WhiteElo "2598"]
[BlackElo "2620"]
[WhiteFideId "14120828"]
[BlackFideId "25092340"]
[EventDate "2021.04.05"]

1. d4 Nf6 2. Nc3 d5 3. Bf4 a6 4. e3 c5 5. Nf3 cxd4 6. exd4 Nc6 7. Ne5 Bd7 8.
Nxc6 Bxc6 9. Bd3 e6 10. O-O Bd6 11. Ne2 O-O 12. c3 Rc8 13. Qd2 Re8 14. Qe3 h6
15. Ng3 e5 16. Bxe5 Ng4 17. Qf3 Nxe5 18. dxe5 Bxe5 19. Qg4 d4 20. c4 Qg5 21. Qh3
Rcd8 22. Nf5 Bd7 23. Qf3 Bc6 24. Qh3 Bd7 25. Qf3 Bc6 26. h4 Qf4 27. Qxf4 Bxf4
28. g3 Bc7 29. Rfe1 Kf8 30. Kf1 Rxe1+ 31. Rxe1 h5 32. Be4 g6 33. Bxc6 bxc6 34.
Ne7 Rd6 35. c5 Rf6 36. Kg2 d3 37. Nc8 Ba5 38. Rd1 Bb4 39. Nd6 Bxc5 40. Ne4 Rf5
41. Rxd3 Re5 42. Rd8+ Kg7 43. Nxc5 Rxc5 44. Rd2 Rc4 45. Re2 a5 46. b3 Rc5 47.
Rb2 Rd5 48. Rc2 Rd6 49. Rc4 Rd5 50. Rxc6 Rd2 51. a4 Rb2 52. Rb6 f6 53. Rb5 Kh6
54. Kf3 g5 55. hxg5+ fxg5 56. Rb6+ Kg7 57. Rb5 h4 58. gxh4 Kf6 59. Kg4 gxh4 60.
Rb6+ Ke5 61. f4+ Ke4 62. Re6+ Kd5 63. Re3 Kd4 64. Rh3 Rg2+ 65. Kf3 Rb2 66. Rxh4
Rxb3+ 67. Kg4 Rb4 68. f5 Ke3+ 69. Kg5 Rxa4 70. Rxa4 1-0